<?xml version="1.0" encoding="UTF-8"?>
<marc:record xmlns:marc="http://www.loc.gov/MARC21/slim">
   <marc:leader>00000nam a2200000 a 4500</marc:leader>
   <marc:datafield ind1="1" ind2=" " tag="100">
      <marc:subfield code="a">Bergstrand, Mikael</marc:subfield>
      <marc:subfield code="4">aut</marc:subfield>
      <marc:subfield code="e">Verfasser/-in</marc:subfield>
   </marc:datafield>
   <marc:datafield ind1="0" ind2="0" tag="245">
      <marc:subfield code="a">Der 50-Jährige, der den Hintern nicht hochbekam, bis ihm ein     Tiger auf die Sprünge half</marc:subfield>
   </marc:datafield>
   <marc:datafield ind1="0" ind2="0" tag="245">
      <marc:subfield code="b">; Roman</marc:subfield>
   </marc:datafield>
   <marc:datafield ind1=" " ind2="1" tag="264">
      <marc:subfield code="b">Random House Verlag</marc:subfield>
      <marc:subfield code="c">2013</marc:subfield>
   </marc:datafield>
   <marc:datafield ind1="1" ind2=" " tag="520">
      <marc:subfield code="a">Die Fortsetzung des Überraschungserfolgs! Abwarten und Eiscreme essen. So oder so ähnlich könnte man Göran Borgs Lebensmotto zusammenfassen. Der Mittfünfziger aus Malmö ist nach seinem Jahr in Indien wieder im schwedischen Alltag angekommen - und mitten in einer Identitätskrise. Einziger Lichtblick: die bevorstehende Hochzeit seines besten Freundes aus Delhi, Yogi. Doch die wird immer wieder verschoben - aufgrund »horoskopieller« Umstände. Trotzdem reist Göran spontan nach Delhi und findet schnell heraus: Die Hochzeit mit der schönen Lakshmi wurde aus ganz anderen Gründen verschoben à</marc:subfield>
   </marc:datafield>
   <marc:datafield ind1=" " ind2=" " tag="020">
      <marc:subfield code="a">9783442754502</marc:subfield>
      <marc:subfield code="9">9783442754502</marc:subfield>
   </marc:datafield>
</marc:record>
